000 00381nam a2200145Ia 4500
008 090124s9999 xx 000 0 und d
082 _b135220
245 _a लेखननामा
250 _a1
260 _bखाडीलकर नीलकंठ
_c1986
300 _a203
630 _a लेखननामा
730 _a लेखननामा
942 _cBOOK
999 _c200093
_d200093